Statistics for Most Populated Settlements in West Yorkshire

Click here to take the quiz!

General Stats

  • This quiz has been taken 94 times
  • The average score is 22 of 59

Answer Stats

HintAnswer% Correct
539,776Bradford
99%
793,139Leeds
97%
162,949Huddersfield
92%
99,251Wakefield
89%
88,134Halifax
81%
62,945Dewsbury
78%
39,192Castleford
71%
29,305Pontefract
67%
80,485Batley
66%
53,331Keighley
63%
29,673Morley
62%
32,216Pudsey
60%
33,286Brighouse
58%
22,493Bingley
52%
28,694Shipley
52%
11,648Cleckheaton
49%
19,330Mirfield
49%
21,231Ossett
49%
21,706Holmfirth
48%
14,809Ilkley
48%
14,215Otley
48%
19,979Wetherby
45%
15,625Elland
41%
4,500Hebden Bridge
41%
21,317Normanton
41%
14,838Garforth
40%
19,668Yeadon
38%
12,085Heckmondwike
37%
19,512Rothwell
37%
11,060Featherstone
34%
4,601Sowerby Bridge
34%
11,690Todmorden
34%
11,960Guiseley
33%
16,273Queensbury
29%
10,083Kippax
27%
6,379Haworth
26%
15,944Baildon
25%
13,971Knottingley
25%
10,361Horbury
21%
7,912Silsden
21%
5,528Drighlington
19%
9,246Hemsworth
19%
17,873Liversedge
18%
10,366South Elmsall
18%
7,041Burley-in-Wharfedale
15%
4,665Ripponden
15%
7,836Meltham
14%
15,314Stanley
12%
4,662Boston Spa
11%
5,289Thornton
11%
5,258Crofton
4%
4,549Skelmanthorpe
3%
8,533South Kirkby
3%
5,874Upton
3%
18,895Horsfield
1%
5,444Shepley
1%
5,281Ackworth Moor Top
0%
5,150Ryhill
0%
4,717Woodend
0%

Score Distribution

Percentile by Number Answered

Percent of People with Each Score

Your Score History

You have not taken this quiz